| 000 | 00780nam a2200265 4500 | ||
|---|---|---|---|
| 003 | OSt | ||
| 005 | 20260530115306.0 | ||
| 008 | 260508b1963 |||ae||| |||| 00| 0 eng d | ||
| 040 |
_aICI _bspa _cICI |
||
| 050 |
_aTS205 _bF55 |
||
| 100 | 1 |
_aW. Flint, James _931930 |
|
| 245 | 1 | 0 |
_aMetalwork: _bPractice/ _cW. Flint, James |
| 264 | 1 |
_bB. T. Batsford LTD. London _c1963 _aGran Bretaña |
|
| 300 | _a96 páginas | ||
| 336 |
_atexto _2rdacontent |
||
| 337 |
_asin medio _2rdamedia |
||
| 338 |
_avolumen _2rdacarrier |
||
| 650 |
_aMetalistería _911911 |
||
| 650 |
_aTrabajo de metales _931931 |
||
| 650 | _aManufactura metálica | ||
| 650 | _aTecnología industrial | ||
| 650 |
_aHerramientas metálicas _931934 |
||
| 650 |
_aProcesos de fabricación _931935 |
||
| 942 |
_2lcc _cBK _n1 |
||
| 999 |
_c13084 _d13084 |
||